The challengers pocketbook : (Record no. 39817)
[ view plain ]
| 000 -LEADER | |
|---|---|
| fixed length control field | 00686nam a2200181 a 4500 |
| 005 - DATE AND TIME OF LATEST TRANSACTION | |
| control field | 20140311163045.0 |
| 008 - FIXED-LENGTH DATA ELEMENTS--GENERAL INFORMATION | |
| fixed length control field | 021119s19uu xx 00 eng d |
| 020 ## - INTERNATIONAL STANDARD BOOK NUMBER | |
| International Standard Book Number | 9781870471190 |
| 050 ## - LIBRARY OF CONGRESS CALL NUMBER | |
| Classification number | HD 53 |
| Item number | .T747 1994 |
| 100 ## - MAIN ENTRY--PERSONAL NAME | |
| Personal name | Townsend, John |
| 245 ## - TITLE STATEMENT | |
| Title | The challengers pocketbook : |
| Remainder of title | a pocketful of tips tools & techniques for all those who are challenged to bring the best out of people in meetings, teambuilding sessions, project work, problem-solving groups & training events / |
| Statement of responsibility, etc | John Townsend. |
| 260 ## - PUBLICATION, DISTRIBUTION, ETC. (IMPRINT) | |
| Place of publication, distribution, etc | USA : |
| Name of publisher, distributor, etc | Management Pocketbooks, |
| Date of publication, distribution, etc | 1994. |
| 300 ## - PHYSICAL DESCRIPTION | |
| Extent | 92 p. : |
| Dimensions | 12 cm. |
| 521 ## - TARGET AUDIENCE NOTE | |
| Target audience note | |
| 650 ## - SUBJECT ADDED ENTRY--TOPICAL TERM | |
| Topical term or geographic name as entry element | Employees |
| General subdivision | training |
| 942 ## - ADDED ENTRY ELEMENTS (KOHA) | |
| Koha item type | Books |
| Source of classification or shelving scheme | Library of Congress Classification |
| Call number prefix | Foreign |
| Withdrawn status | Lost status | Source of classification or shelving scheme | Damaged status | Home library | Current library | Shelving location | Date acquired | Total Checkouts | Total Renewals | Full call number | Barcode | Date last seen | Date checked out | Copy number | Price effective from | Koha item type |
|---|---|---|---|---|---|---|---|---|---|---|---|---|---|---|---|---|
| Library of Congress Classification | College Library | College Library | General Circulation Section | 01/17/2014 | 1 | 3 | HD 53 .T747 1994 | C0069 | 05/15/2018 | 08/01/2015 | 1 | 01/17/2014 | Books |